[Event "GER-chT U16 Girls"]
[Site "Magdeburg"]
[Date "2023.12.29"]
[Round "5.5"]
[White "Malagatte, Samiksha"]
[Black "Modali, Nikhilamrutha"]
[Result "0-1"]
[WhiteElo "1321"]
[BlackElo "1281"]
[PlyCount "64"]
[EventDate "2023.12.26"]
[EventType "team-swiss"]
[EventRounds "7"]
[EventCountry "GER"]
[SourceTitle "CB03_2024"]
[SourceDate "2024.01.17"]
[SourceVersion "1"]
[SourceVersionDate "2024.01.17"]
[SourceQuality "1"]
[WhiteTeam "Solingen"]
[BlackTeam "Hamburger SK"]
[WhiteTeamCountry "GER"]
[BlackTeamCountry "GER"]

1. e4 c5 2. Nf3 e6 3. d4 cxd4 4. Nxd4 Nc6 5. Nxc6 bxc6 6. Nc3 Nf6 7. Bc4 Bb4 8. Bd3 d5 9. exd5 cxd5 10. 0-0 a5 11. Nb5 Ba6 12. Bf4 0-0 13. Nc7 Bxd3 14. Qxd3 Rc8 15. Nb5 Nh5 16. Bd2 Qb6 17. Bxb4 axb4 18. a4 bxa3 19. Nxa3 Qxb2 20. Qb3 Qf6 21. Qd3 Nf4 22. Qf3 Rc3 23. Qg4 h5 24. Qd1 Qg5 25. g3 h4 26. Kh1 hxg3 27. fxg3 Nh5 28. Qc1 Nxg3+ 29. hxg3 Qxg3 30. Qd2 Qh4+ 31. Qh2 Rh3 32. Qxh3 Qxh3+ 0-1

[Event "GER-chT Lands U20"]
[Site "Wiesbaden"]
[Date "2022.10.01"]
[Round "2.7"]
[White "Modali, Nikhilamrutha"]
[Black "Noennig, Jakob1111"]
[Result "0-1"]
[WhiteElo "1355"]
[BlackElo "1510"]
[PlyCount "52"]
[EventDate "2022.09.30"]
[EventType "team-swiss"]
[EventRounds "7"]
[EventCountry "GER"]
[SourceTitle "CBM 210 Extra"]
[Source "ChessBase"]
[SourceDate "2022.11.30"]
[SourceVersion "1"]
[SourceVersionDate "2022.11.30"]
[SourceQuality "1"]
[WhiteTeam "Hamburg U20"]
[BlackTeam "Sachsen Anhalt U20"]
[WhiteTeamCountry "GER"]
[BlackTeamCountry "GER"]

1. e4 e5 2. Nf3 Nc6 3. Bc4 Bc5 4. c3 Nf6 5. d3 d6 6. 0-0 a6 7. Bb3 Ba7 8. Nbd2 h6 9. h3 Qe7 10. Re1 g5 11. Nh2 h5 12. d4 exd4 13. cxd4 g4 14. e5 dxe5 15. dxe5 g3 16. Bxf7+ Kf8 17. Ne4 gxh2+ 18. Kxh2 Qxe5+ 19. f4 Ng4+ 20. hxg4 hxg4+ 21. Kg3 Qd4 22. Qxd4 Nxd4 23. Bb3 Bf5 24. Bd2 Nxb3 25. axb3 Rd8 26. Bc3 Rd3+ 0-1